| 000 | 00528nam a2200121Ia 4500 | ||
|---|---|---|---|
| 008 | 171212s9999 xx 000 0 und d | ||
| 020 | _a9780833076250 | ||
| 100 | _aMoroney, Jennifer D. P.;Mills, Patrick;Orletsky, David T.;Thaler, David E. | ||
| 245 |
_cMoroney, Jennifer D. P.;Mills, Patrick;Orletsky, David T.;Thaler, David E. _aWorking with Allies and Partners _bA Cost-Based Analysis of U.S. Air Forces in Europe |
||
| 260 |
_bRAND Corporation _c2012 |
||
| 650 | _aHistory | ||
| 856 | _uwww.jstor.org/stable/10.7249/j.ctt3fh26w | ||
| 999 |
_c352825 _d352825 |
||